Quizzes
Events
Quiz Creation
Community
Videos
Private Events
Remove Ads
Sign In
Join for FREE
Feedback
Dark Mode
Quiz Categories
Sports
Geography
Music
Movies
Television
Just For Fun
Miscellaneous
History
Literature
Language
Science
Gaming
Entertainment
Religion
Holiday
For Kids
Quiz Lab
Recent
Popular Today
Quiz Kudos Today
Editor Picks
Curator Picks
Quizzes by...
Day
Popularity
Type
Ratings
Length
Year
Community
Subscriptions
Recent Discussions
Orange Saloon
Badges
Playlists
Quests
Create
Leaderboards
Showdown
Live 5
Trivia Bingo
Activity
Puzzle Library
Sporcle Events
Private Events
Virtual Trivia
Globe League
Become a Host
Pub Owners
SporcleCon
Opinionation
Our Games
Videos
Blog
Mobile Apps
Partnerships
Remove Ads and Go Orange
Feedback
Sports
Athletes
MLB
NBA
NHL
NFL
Soccer
Sports Teams
WWE
NCAA
Football
Premier League
Basketball
Baseball
Hockey
Golf
Tennis
Cricket
Rugby
Auto Racing
Olympics
World Cup
Sports
Athletes
MLB
NBA
NHL
NFL
Soccer
Sports Teams
WWE
NCAA
Football
Premier League
Basketball
Baseball
Hockey
Golf
Tennis
Cricket
Rugby
Auto Racing
Olympics
World Cup
Random Quiz
Search Sporcle
×
Quiz Lab
Quiz Lab
Sports
Win
Type in answers that appear in a list
Type in answers that appear in a list
Classic
Best Score? Go Orange.
MLB Leaders in Wins, Ks, ERA, & WHIP (2000-2010) Stats
Can you name the Top 5 Pitchers in Wins, Stirkeouts, ERA, & WHIP from 2000-2010?
By
G_MoNeY
16m
247 Questions
337 Plays
337 Plays
337 Plays
Comments
Comments
Give Quiz Kudos
Give Quiz Kudos
-
- Ratings
hide this ad
More Info
Replay
Link that replays current quiz
Next Quiz
Link to next quiz in quiz playlist
You Got
0%
They Got
Avg Score
86%
Avg Friend Score
Upgrade to see
Score Distribution
Jump to the score distribution portion of the page
Score
0/247
Timer
16:00
0
Plays Today
Year
Player
% Correct
2010-
ERA
Josh Johnson
100%
2006-
Wins
Randy Johnson
100%
2005-
Strikeouts
Randy Johnson
100%
2004-
Strikeouts
Randy Johnson
100%
2004-
ERA
Randy Johnson
100%
2002-
Wins
Randy Johnson
100%
2002-
Strikeouts
Randy Johnson
100%
2002-
ERA
Randy Johnson
100%
2001-
Wins
Randy Johnson
100%
2001-
Strikeouts
Randy Johnson
100%
2001-
ERA
Randy Johnson
100%
2000-
Wins
Randy Johnson
100%
2000-
Strikeouts
Randy Johnson
100%
2000-
ERA
Randy Johnson
100%
2004-
WHIP
Randy Johnson
100%
2002-
WHIP
Randy Johnson
100%
2001-
WHIP
Randy Johnson
100%
2000-
WHIP
Randy Johnson
100%
2010-
Wins
CC Sabathia
99.7%
2009-
Wins
CC Sabathia
99.7%
2008-
Strikeouts
CC Sabathia
99.7%
2008-
ERA
CC Sabathia
99.7%
2007-
Wins
CC Sabathia
99.7%
2008-
WHIP
CC Sabathia
99.7%
2010-
Wins
Roy Halladay
99.4%
2010-
Strikeouts
Tim Lincecum
99.4%
2010-
Strikeouts
Roy Halladay
99.4%
2010-
Strikeouts
Justin Verlander
99.4%
2010-
ERA
Roy Halladay
99.4%
2009-
Wins
Justin Verlander
99.4%
2009-
Wins
Roy Halladay
99.4%
2009-
Strikeouts
Justin Verlander
99.4%
2009-
Strikeouts
Tim Lincecum
99.4%
2009-
ERA
Tim Lincecum
99.4%
2008-
Wins
Roy Halladay
99.4%
2008-
Wins
Tim Lincecum
99.4%
2008-
Strikeouts
Tim Lincecum
99.4%
2008-
Strikeouts
Roy Halladay
99.4%
2008-
ERA
Tim Lincecum
99.4%
2008-
ERA
Roy Halladay
99.4%
2006-
Wins
Justin Verlander
99.4%
2006-
ERA
Roy Halladay
99.4%
2003-
Wins
Roy Halladay
99.4%
2010-
WHIP
Roy Halladay
99.4%
2009-
WHIP
Tim Lincecum
99.4%
2008-
WHIP
Roy Halladay
99.4%
2006-
WHIP
Roy Halladay
99.4%
2003-
WHIP
Roy Halladay
99.4%
2010-
Strikeouts
Felix Hernandez
99.1%
2010-
ERA
Felix Hernandez
99.1%
2009-
Wins
Felix Hernandez
99.1%
2009-
ERA
Felix Hernandez
99.1%
2010-
WHIP
Felix Hernandez
99.1%
2008-
Wins
Cliff Lee
98.8%
2008-
ERA
Cliff Lee
98.8%
2005-
Wins
Cliff Lee
98.8%
2010-
WHIP
Cliff Lee
98.8%
2008-
WHIP
Cliff Lee
98.8%
2008-
Strikeouts
Ervin Santana
98.2%
2008-
Strikeouts
Johan Santana
98.2%
2008-
ERA
Johan Santana
98.2%
2007-
Strikeouts
Johan Santana
98.2%
2006-
Wins
Johan Santana
98.2%
2006-
Strikeouts
Johan Santana
98.2%
2006-
ERA
Johan Santana
98.2%
2005-
Strikeouts
Johan Santana
98.2%
2004-
Wins
John Santana
98.2%
2004-
Strikeouts
John Santana
98.2%
2004-
ERA
John Santana
98.2%
2007-
WHIP
Johan Santana
98.2%
2006-
WHIP
Johan Santana
98.2%
2005-
WHIP
Johan Santana
98.2%
2004-
WHIP
Johan Santana
98.2%
2009-
Wins
Chris Carpenter
97.9%
2009-
ERA
Chris Carpenter
97.9%
2006-
ERA
Chris Carpenter
97.9%
2005-
Wins
Chris Carpenter
97.9%
2005-
Strikeouts
Chris Carpenter
97.9%
2005-
ERA
Chris Carpenter
97.9%
2009-
WHIP
Chris Carpenter
97.9%
2006-
WHIP
Chris Carpenter
97.9%
2009-
Strikeouts
Zack Greinke
97%
2009-
ERA
Zack Greinke
97%
Year
Player
% Correct
2010-
Wins
Adam Wainwright
96.4%
2010-
ERA
Adam Wainwright
96.4%
2009-
Wins
Adam Wainwright
96.4%
2006-
ERA
Roy Oswalt
96.4%
2005-
Wins
Roy Oswalt
96.4%
2004-
Wins
Roy Oswalt
96.4%
2010-
WHIP
Adam Wainwright
96.4%
2010-
WHIP
Roy Oswalt
96.4%
2009-
Wins
Josh Beckett
96.1%
2007-
Wins
Josh Beckett
96.1%
2007-
Wins
Jake Peavy
95.5%
2007-
Strikeouts
Jake Peavy
95.5%
2007-
ERA
Jake Peavy
95.5%
2006-
Strikeouts
Jake Peavy
95.5%
2005-
Strikeouts
Jake Peavy
95.5%
2004-
Wins
Curt Schilling
95.5%
2004-
ERA
Jake Peavy
95.5%
2002-
Wins
Curt Schilling
95.5%
2002-
Strikeouts
Curt Schilling
95.5%
2001-
Wins
Curt Schilling
95.5%
2001-
Strikeouts
Curt Schilling
95.5%
2001-
ERA
Curt Schilling
95.5%
2007-
WHIP
Jake Peavy
95.5%
2005-
WHIP
Jake Peavy
95.5%
2004-
WHIP
Curt Schilling
95.5%
2003-
WHIP
Curt Schilling
95.5%
2002-
WHIP
Curt Schilling
95.5%
2001-
WHIP
Curt Schilling
95.5%
2000-
WHIP
Curt Schilling
95.5%
2005-
Strikeouts
Pedro Martinez
95%
2005-
ERA
Pedro Martinez
95%
2003-
ERA
Pedro Martinez
95%
2002-
Wins
Pedro Martinez
95%
2002-
Strikeouts
Pedro Martinez
95%
2002-
ERA
Pedro Martinez
95%
2000-
Strikeouts
Pedro Martinez
95%
2000-
ERA
Pedro Martinez
95%
2005-
WHIP
Pedro Martinez
95%
2003-
WHIP
Pedro Martinez
95%
2002-
WHIP
Pedro Martinez
95%
2000-
WHIP
Pedro Martinez
95%
2010-
Strikeouts
Jered Weaver
94.7%
2008-
Wins
Brandon Webb
94.7%
2007-
ERA
Brandon Webb
94.7%
2006-
ERA
Brandon Webb
94.7%
2005-
ERA
Roger Clemens
94.7%
2004-
Wins
Roger Clemens
94.7%
2001-
Wins
Roger Clemens
94.7%
2006-
WHIP
Brandon Webb
94.7%
2005-
WHIP
Roger Clemens
94.7%
2002-
ERA
Greg Maddux
94.4%
2001-
ERA
Greg Maddux
94.4%
2000-
Wins
Greg Maddux
94.4%
2000-
ERA
Greg Maddux
94.4%
2001-
WHIP
Greg Maddux
94.4%
2000-
WHIP
Greg Maddux
94.4%
2010-
Wins
David Price
94.1%
2003-
ERA
Tim Hudson
94.1%
2000-
Wins
Tom Glavine
94.1%
2000-
Wins
Tim Hudson
94.1%
2003-
WHIP
Tim Hudson
94.1%
2010-
Wins
Jon Lester
92.9%
2010-
Strikeouts
Jon Lester
92.9%
2009-
Strikeouts
Jon Lester
92.9%
2006-
Strikeouts
Carlos Zambrano
92.3%
2004-
ERA
Carlos Zambrano
92.3%
2002-
Wins
Barry Zito
92.3%
2002-
ERA
Barry Zito
92.3%
2010-
Wins
Ubaldo Jimenez
91.7%
2006-
Strikeouts
John Smoltz
91.7%
2003-
Strikeouts
Kerry Wood
91.4%
2002-
Strikeouts
Kerry Wood
91.4%
2001-
Strikeouts
Kerry Wood
91.4%
2008-
Wins
Mike Mussina
91.1%
2005-
ERA
Andy Pettitte
91.1%
2003-
Wins
Andy Pettitte
91.1%
2000-
Wins
Andy Pettitte
91.1%
2006-
WHIP
Mike Mussina
91.1%
2005-
WHIP
Andy Pettitte
91.1%
2003-
WHIP
Mike Mussina
91.1%
2001-
WHIP
Mike Mussina
91.1%
2003-
Strikeouts
Mark Prior
89.3%
2003-
ERA
Mark Prior
89.3%
Year
Player
% Correct
2002-
Wins
Derek Lowe
88.4%
2002-
ERA
Derek Lowe
88.4%
2002-
WHIP
Derek Lowe
88.4%
2005-
Wins
Dontrelle Willis
87.5%
2005-
ERA
Dontrelle Willis
87.5%
2008-
WHIP
Cole Hamels
86.9%
2008-
Wins
A.J. Burnett
84%
2008-
Strikeouts
A.J. Burnett
84%
2007-
Wins
John Lackey
84%
2007-
ERA
John Lackey
84%
2005-
Wins
Bartolo Colon
82.8%
2004-
Wins
Bartolo Colon
82.8%
2002-
Wins
Bartolo Colon
82.8%
2001-
Wins
Mark Mulder
82.8%
2000-
Strikeouts
Bartolo Colon
82.8%
2001-
WHIP
Mark Buehrle
81.9%
2004-
Strikeouts
Ben Sheets
80.1%
2004-
ERA
Ben Sheets
80.1%
2004-
WHIP
Ben Sheets
80.1%
2003-
Wins
Jamie Moyer
79.8%
2001-
Wins
Jamie Moyer
79.8%
2007-
Strikeouts
Scott Kazmir
77.7%
2004-
Wins
Jason Schmidt
77.4%
2004-
Strikeouts
Jason Schmidt
77.4%
2003-
Strikeouts
Jason Schmidt
77.4%
2003-
ERA
Jason Schmidt
77.4%
2004-
WHIP
Jason Schmidt
77.4%
2003-
WHIP
Jason Schmidt
77.4%
2008-
Strikeouts
Dan Haren
76.9%
2009-
WHIP
Dan Haren
76.9%
2009-
Strikeouts
Javier Vazquez
76.3%
2003-
Strikeouts
Javier Vazquez
76.3%
2009-
WHIP
Javier Vazquez
76.3%
2001-
WHIP
Javier Vazquez
76.3%
2007-
WHIP
James Shields
76%
2010-
ERA
Clay Buchholz
73%
2003-
ERA
Kevin Brown
70.9%
2000-
Strikeouts
Kevin Brown
70.9%
2000-
ERA
Kevin Brown
70.9%
2000-
WHIP
Kevin Brown
70.9%
2007-
Wins
Chien-Ming Wang
70.3%
2006-
Wins
Chien-Ming Wang
70.3%
2007-
Strikeouts
Aaron Harang
69.7%
2006-
Strikeouts
Aaron Harang
69.7%
2008-
Wins
Daisuke Matsuzaka
68.2%
2000-
Wins
David Wells
68%
2006-
Wins
Kenny Rogers
67.4%
2004-
Wins
Kenny Rogers
67.4%
2006-
Wins
Freddy Garcia
65.6%
2001-
ERA
Freddy Garcia
65.6%
2007-
Wins
Fausto Carmona
63.2%
2007-
ERA
Fausto Carmona
63.2%
2009-
ERA
Jair Jurrjens
61.1%
2007-
Strikeouts
Erik Bedard
59.3%
2007-
WHIP
Erik Bedard
59.3%
2001-
Wins
Matt Morris
57.3%
2003-
Wins
Esteban Loaiza
56.7%
2003-
Strikeouts
Esteban Loaiza
56.7%
2001-
Strikeouts
Hideo Nomo
56.7%
2008-
Strikeouts
Edinson Volquez
56.1%
2007-
ERA
Brad Penny
55.8%
2006-
Wins
Jon Garland
51.6%
2005-
Wins
Jon Garland
51.6%
2009-
WHIP
Ted Lilly
51%
2007-
WHIP
Chris Young
50.1%
2006-
WHIP
Chris Young
50.1%
2004-
Strikeouts
Oliver Perez
49%
2002-
WHIP
Odalis Perez
49%
2003-
Wins
Russ Ortiz
46.6%
2000-
ERA
Mike Hampton
45.4%
2005-
Strikeouts
Brett Myers
43.6%
2004-
Wins
Carl Pavano
43%
2001-
Wins
Jon Lieber
41.2%
2001-
Strikeouts
Chan Ho Park
41.2%
2000-
Strikeouts
Chan Ho Park
41.2%
2005-
Strikeouts
Doug Davis
38%
2008-
WHIP
Ricky Nolasco
37.7%
2009-
Wins
Scott Feldman
28.5%
2005-
Wins
Chris Capuano
28.2%
2002-
Strikeouts
Matt Clement
24.6%
2001-
ERA
John Burkett
21.1%
Quiz Playlist
Details
Report
Send in Message
Add To Playlist
More Info:
WHIP-Walks Hits Per Innings Pitched AA-ANAHEIM ANGELS, MON-MONTREAL EXPOS
Classic:
Type in answers that appear in a list
Quiz Source
Last Updated: Feb 16, 2017
Quiz Scoreboard
CHALLENGE
Sign Up to Join the Scoreboard
Show All
Scores
Hide
Comments
May contain spoilers
Recently Published
Billboard Blitz: Fleetwood Mac
by CooCooCachoo
Music
15s
Presidents Visiting Landmarks
by Hejman
History
7m
An Introduction to Baseball
by treessimontrees
Sports
5m
More to Explore
Quiz From the Vault
Featured Blog Post
Where Did the Easter Bunny Come From?
hide this ad
You Might Also Like...
Tags
2000s
Era
Pitchers
Player
Top 5
Whip
Win
Today's Top Quizzes in Sports
Browse Sports
hide this ad
Today's Top Quizzes in Win
Browse Win
Top Contributed Quizzes in Sports
1
Les meilleurs buteurs des matchs entre le PSG et l’OM
2
2022 World Cup Stars
3
FIFA Club World Cup Champions
4
Les entraîneurs de l'OM et du PSG au 21e siècle
5
Criteria MLB: Left Handed Sluggers
6
AFC Teams Reveal (Wrong Answers Minefield)
7
5-to-1: UK Sports Teams
8
Name the Premier League winners with different clubs
9
5-to-1: FBS Animal Nicknames
10
Players with Multiple 50 Home Run Seasons
Explore More
Trending Topics
Kpop
Marvel
Anime
Harry Potter
Disney
Crossword
NBA
Soccer
Pokémon
NFL
The Office
WWE
Song
Puzzle
Country
hide this ad
More By:
G_MoNeY
Quiz
Plays
Rating
Category
Featured
Created
All-Draft, All-Time Starting 5 for Each NBA Team
2,166
2.63
Sports
Jun 20, 2011
America's Worst Weather Cities
1,596
1.50
Geography
Feb 8, 2010
NFL Most Passing Yards In A Game
792
3.50
Sports
Nov 28, 2009
NBA All-Time Triple-Double Leaders
678
3.80
Sports
Nov 14, 2009
NBA Records (In a Game)
676
2.75
Sports
Dec 3, 2009
Go to Creator's Profile
Score Distribution
Quiz Creator Spotlight
G_MoNeY
Follow
Send a Message
Quizzes Created
-
Created Quiz Play Count
-
More By This Creator
Popular Quizzes Today
1
Find the US States - No Outlines Minefield
2
Find the Countries of Europe - No Outlines Minefield
3
The Countries of the World
4
Find the US States
5
Risky Map Clicking: Biggest States A-Z
6
US States
7
Popular People in 1961
8
Movies - When Are They Set?
More Sports Quizzes
Anything but the NBA
Published
Trending Quizzes
Risky Map Clicking: Least Populous States A-Z
1-10 Letter G Words
1-10 Letter F Words
Risky Map Clicking: Next State Alphabetically
Risky Map Clicking: Biggest States A-Z
Recently Updated
Leaping Animals
pecheneg
Reality TV Shows (A-Z)
bhenderson79
Rickey Henderson's Hall of Fame Teammates
pecheneg
Champions League XIs: Arsenal
pecheneg
Quick Pick: Celebrities in WWE's Hall of Fame
aduchscher
A-Z Keypad Blitz II
pecheneg
Multiple Oscar Actors
pecheneg
Mystery Phrase Blitz: Oscar 'Best Actors'
pecheneg
F. Scott Fitzgerald Novels
LTH
Pick 3 Villains
ddd62291
Trending Topics
Anime
Kpop
Marvel
Crossword
Harry Potter
NBA
Disney
Country
The Office
NFL
Soccer
Puzzle
WWE
Pokémon
Song
Your Account Isn't Verified!
In order to create a playlist on Sporcle, you need to verify the email address you used during registration. Go to your
Sporcle Settings
to finish the process.
Report this User
Report this user for behavior that violates our
Community Guidelines
.
Details:
Send Report
Go to the Sporcle.com Mobile Site →
Comments